Loading...
| Fine Arts - Classical Music | 0 | 6 | 0 | 3 | 60 | 111 | 127.50 | 0 | 0 | 1.73 | 20.91 |
| Literature - American | 0 | 5 | 0 | 1 | 50 | 92 | 123.20 | 0 | 1 | 5.32 | 20.91 |
| Literature - European | 0 | 5 | 0 | 1 | 50 | 111 | 134.80 | 0 | 3 | 1.83 | 14.55 |
| Fine Arts - Painting and Sculpture | 0 | 5 | 1 | 1 | 45 | 55 | 102.40 | 1 | 4 | 11.50 | 31.82 |
| Science - Physics | 0 | 3 | 0 | 0 | 30 | 71 | 98.67 | 0 | 1 | 5.24 | 16.36 |
| Literature - British | 0 | 3 | 0 | 0 | 30 | 123 | 134.33 | 0 | 0 | 1.62 | 11.82 |
| Science - Biology | 0 | 2 | 0 | 1 | 20 | 123 | 124.00 | 0 | 0 | 0.42 | 6.36 |
| Science - Chemistry | 0 | 2 | 0 | 1 | 20 | 110 | 114.50 | 0 | 2 | 1.38 | 7.27 |
| Science - Other | 0 | 2 | 0 | 0 | 20 | 57 | 77.00 | 1 | 1 | 6.60 | 13.64 |
| Literature - World | 0 | 2 | 0 | 1 | 20 | 142 | 145.00 | 1 | 1 | 0.25 | 12.73 |
| History - American | 0 | 2 | 0 | 0 | 20 | 117 | 119.00 | 0 | 1 | 0.13 | 8.18 |
| Fine Arts - Other | 0 | 1 | 0 | 1 | 10 | 128 | 128.00 | 0 | 0 | 0.00 | 1.82 |
| Mythology | 0 | 1 | 0 | 0 | 10 | 138 | 138.00 | 0 | 1 | 0.07 | 6.36 |
| Philosophy | 0 | 1 | 0 | 0 | 10 | 121 | 121.00 | 0 | 0 | 1.40 | 4.55 |
| Religion | 0 | 0 | 0 | 0 | 0 | 0.00 | 0 | 0 | 0.00 | 0.00 |